000 01156nam0a2200361 4500
001 RU\NLR\bibl\228560
005 20250619110327.0
010 _a5-7024-1258-3
_951000
021 _aRU
_b2001-53373
_92583
035 _a(NLR Aleph) 000224542
090 _a1305793
_c1305793
100 _a20020204d2001 |||y0rusy50 ca
101 1 _arus
_ceng
102 _aRU
105 _ay |||||||||
200 1 _aЯ нашел тебя
_eРоман
_e[Пер. с англ.]
_fЛюси Рэдкомб
210 _aМ.
_cПанорама
_d2001
215 _a185,[1] с.
_d17
225 1 _aПанорама романов о любви
311 _aЛит.-художеств. прил. к междунар. журн. "Панорама"
606 0 _aЛюбовь (х. л.)
675 _a821.111-31Рэдкомб
_v3
_zrus
686 _a17.82
_2rugasnti
686 _a84(4Вел)-44
_2rubbk
686 _aШ6(4Вл)67-440.4
700 1 _aРэдкомб
_bЛ.
_gЛюси
_4070
801 0 _aRU
_bRKP
_c20020204
_gPSBO
801 1 _aRU
_bRKP
_c20020204
801 2 _aRU
_bNLR
_c20020319
_grcr
942 _cBOOK
980 _aNB